| 000 | 00526cam a22001811 4500 | ||
|---|---|---|---|
| 001 | 45104 | ||
| 090 | _a45104 | ||
| 100 | _a19770901d1977 m y0pory5003 ba | ||
| 101 | 0 | _apor | |
| 102 | _aPT | ||
| 200 | 1 |
_aAspectos da arte em Portugal no século XVIII _ecatálogo de exposicão _fFundacão Calouste Gulbenkian |
|
| 210 | 9 |
_aLisboa _cFundação Calouste Gulbenkian, _d1977 |
|
| 215 |
_a67 p. _cil. _d25 cm |
||
| 675 | _a7(083.82) | ||
| 675 |
_a7 _vmed _zpor |
||
| 710 | 0 | 2 | _aFunda—cão Calouste Gulbenkian |
| 801 | 0 |
_aPT _bBN _gRPC |
|
| 990 | _cLIVROS | ||